书目信息 |
| 题名: |
逻辑与文化
|
|
| 作者: | 郭桥 著 | |
| 分册: | ||
| 出版信息: | 北京 人民出版社 2006 |
|
| 页数: | 450页 | |
| 开本: | 21cm | |
| 丛书名: | ||
| 单 册: | ||
| 中图分类: | B81-092 | |
| 科图分类: | ||
| 主题词: | 逻辑史--研究--中国--近代 | |
| 电子资源: | ||
| ISBN: | 7-01-005531-9 | |
| 000 | 00651nam0 2200205 450 | |
| 001 | 0930529391 | |
| 005 | 20090928091138.06 | |
| 010 | @a7-01-005531-9@dCNY29.00 | |
| 100 | @a20060927d2006 ekmy0chiy0120 ea | |
| 101 | 0 | @achi |
| 102 | @aCN@b110000 | |
| 105 | @ay z 000yy | |
| 200 | 1 | @a逻辑与文化@ALuo Ji Yu Wen Hua@e中国近代时期西方逻辑传播研究@EZhong Guo Jin Dai Shi Qi Xi Fang Luo Ji Chuan Bo Yan Jiu@f郭桥著@FGuo Qiao Zhu |
| 210 | @a北京@c人民出版社@d2006 | |
| 215 | @a450页@d21cm | |
| 606 | @a逻辑史@x研究@y中国@z近代 | |
| 690 | @aB81-092@v4 | |
| 701 | 0 | @a郭桥@AGuo Qiao@4著 |
| 801 | 0 | @aCN@b中图数据@c20060927 |
| 905 | @a10447@dB81-092@eJY46 | |
| 逻辑与文化:中国近代时期西方逻辑传播研究/郭桥著.-北京:人民出版社,2006 |
| 450页;21cm |
| ISBN 7-01-005531-9:CNY29.00 |
| ● |
| 相关链接 |
|
|
|
|
正题名:逻辑与文化
索取号:B81-092/JY46
 
预约/预借
| 序号 | 登录号 | 条形码 | 馆藏地/架位号 | 状态 | 备注 |
| 1 | 7804835 | 278048355 | 学院路分馆/ [索取号:B81-092/JY46] | 在馆 | |
| 2 | 7804836 | 278048364 | 学院路分馆/ [索取号:B81-092/JY46] | 在馆 | |
| 3 | 7804837 | 278048373 | 学院路分馆/ [索取号:B81-092/JY46] | 在馆 | |
| 4 | 7804838 | 278048382 | 学院路分馆/ [索取号:B81-092/JY46] | 在馆 |